Чрезвычайные ситуации. Сб. 4; Огонь. Стихийные бедствия. Ядерный век. Небесные спасатели; Охрана труда и техника безопасности

Podrobná bibliografie
Parent link:Охрана труда и техника безопасности: Учебные видеофильмы. Чрезвычайные ситуации. Сб. 4. Огонь. Стихийные бедствия. Ядерный век. Небесные спасатели.— .— [Б. м.], Б.г.
Jazyk:ruština
Vydáno: Б.г.
Témata:
Médium: Video
KOHA link:https://koha.lib.tpu.ru/cgi-bin/koha/opac-detail.pl?biblionumber=38940

MARC

LEADER 00000ngm2a2200000 4500
001 38940
005 20231031010930.0
035 |a (RuTPU)RU\TPU\book\39772 
090 |a 38940 
100 |a 20020321f m y0rusy50 ca 
101 0 |a rus 
102 |a RU 
105 |a y j 000zy 
115 |a c180bahmcuaz cbucc 
200 0 |a Чрезвычайные ситуации. Сб. 4  |a Огонь. Стихийные бедствия. Ядерный век. Небесные спасатели  |b Видеокассета 
210 |d Б.г. 
215 |a 1 видеокассета (180 мин) 
461 1 |0 (RuTPU)RU\TPU\book\40285  |t Охрана труда и техника безопасности  |o Учебные видеофильмы  |v Чрезвычайные ситуации. Сб. 4. Огонь. Стихийные бедствия. Ядерный век. Небесные спасатели  |c [Б. м.]  |d Б.г. 
610 1 |a безопасность жизнедеятельности 
610 1 |a охрана труда 
610 1 |a чрезвычайные ситуации 
610 1 |a огонь 
610 1 |a стихийные бедствия 
610 1 |a ядерная безопасность 
610 1 |a спасение 
610 1 |a видеокассеты 
610 1 |a учебные пособия 
675 |a 614.8  |v 3 
801 1 |a RU  |b 63413507  |c 20020321  |g PSBO 
801 2 |a RU  |b 63413507  |c 20221201  |g PSBO 
942 |c BK